| Tag |
First Indicator |
Second Indicator |
Subfields |
| LEADER |
00000cam a2200000 a 4500 |
| 001 |
in00000069825 |
| 005 |
20151008055853.0 |
| 008 |
820302s1981 ilua 00110 eng |
| 010 |
|
|
|a 81067120
|
| 020 |
|
|
|a 0870942670 :
|c $14.95
|
| 035 |
|
|
|a (OCoLC)07970973
|
| 035 |
|
|
|9 AAJ4602AM
|
| 039 |
0 |
|
|a 2
|b 3
|c 3
|d 3
|e 3
|
| 040 |
|
|
|a DLC
|c DLC
|d TXA
|d UtOrBLW
|
| 043 |
|
|
|a n-us---
|
| 049 |
|
|
|a TXAM
|c [387692]
|
| 050 |
0 |
0 |
|a LB2342
|b .L34
|
| 082 |
0 |
|
|a 378/.3/0973
|2 19
|
| 100 |
1 |
|
|a Lane, Paul M.
|
| 245 |
1 |
4 |
|a The Dow Jones-Irwin guide to college financial planning /
|c Paul M. Lane.
|
| 264 |
|
1 |
|a Homewood, Ill. :
|b Dow Jones-Irwin,
|c [1981]
|
| 264 |
|
4 |
|c ©1981
|
| 300 |
|
|
|a xii, 260 pages :
|b illustrations ;
|c 25 cm.
|
| 336 |
|
|
|a text
|b txt
|2 rdacontent
|
| 337 |
|
|
|a unmediated
|b n
|2 rdamedia
|
| 338 |
|
|
|a volume
|b nc
|2 rdacarrier
|
| 500 |
|
|
|a Includes index.
|
| 650 |
|
0 |
|a College costs
|z United States
|x Planning
|x Handbooks, manuals, etc.
|
| 650 |
|
0 |
|a Student aid
|z United States
|v Handbooks, manuals, etc.
|
| 999 |
|
|
|a MARS
|
| 999 |
f |
f |
|s 51c16bab-6ac6-37ba-8b85-9552d9a1fd8c
|i 71a1ccd1-62ca-3b7b-b159-316a8da1d428
|t 0
|
| 952 |
f |
f |
|p normal
|a Texas A&M University
|b College Station
|c Sterling C. Evans Library
|d Evans: Library Stacks
|t 0
|e LB2342 .L34
|h Library of Congress classification
|i unmediated -- volume
|m A14806161801
|
| 998 |
f |
f |
|a LB2342 .L34
|t 0
|l Evans: Library Stacks
|